000 00753nam a22002532 4500
001 16891
003 BD-RjUL
005 20211209000049.0
008 140215s1966 nyuab b 001 0 eng c
035 _a(BD-RjUL)16946
040 _aDLC/ICU
_cCGU
_dBD-RjUL
_beng
041 _aeng
082 0 0 _a553.51
_bBOC 1966
100 1 _aBoynton, Robert S.
_952140
245 1 0 _aChemistry and technology of lime and limestone /
_cRobert S. Boynton.
260 _aNew York :
_bInterscience Publishers,
_cc1966.
300 _axi, 520 p. :
_billus., maps (part fold.) ;
_c24 cm.
504 _aIncludes bibliographies and index.
650 0 _aLimestone.
_952141
650 0 _aLime.
_952143
942 _2ddc
_cBK
999 _c16891
_d16891